Folytatás és újrakezdés. 115 éves a romániai jiddis színjátszás

Elmentve itt :
Bibliográfiai részletek
Szerző: KACSIR Mária
Adatforrás:Meister
Forrásdokumentuma:A Hét. -
43 sz., 1991, 5 p.
Nyelv:magyar
Kulcsszavak:színháztörténet
kulturális intézmények
színházak
Bukaresti Állami Zsidó Színház
LEADER 00483nab a2200157 i 4500
001 bibPRO00005165
008 060524s1991 xx hun
040 |a Sz1 
041 |a hun 
100 1 |a KACSIR Mária 
245 1 0 |a Folytatás és újrakezdés. 115 éves a romániai jiddis színjátszás  |c KACSIR Mária 
695 |a színháztörténet 
695 |a kulturális intézmények 
695 |a színházak 
695 |a Bukaresti Állami Zsidó Színház 
773 0 |t A Hét. -  |g 43 sz., 1991, 5 p.